Novelistas Norteamericanos Contemporáneos
Salvato in:
| Autore principale: | |
|---|---|
| Natura: | Libro |
| Lingua: | Undetermined |
| Pubblicazione: |
Buenos Aires, Argentina
Hobbs - Sudamericana
1967
|
| Soggetti: | |
| Tags: |
Aggiungi Tag
Nessun Tag, puoi essere il primo ad aggiungerne!!
|
MARC
| LEADER | 00000nam a2200000Ia 4500 | ||
|---|---|---|---|
| 008 | 170316s9999 xx 000 0 und d | ||
| 040 | |a cru BVZT | ||
| 090 | |a 810 M-51n | ||
| 100 | |a Moore, Harry T. | ||
| 245 | |a Novelistas Norteamericanos Contemporáneos | ||
| 260 | |a Buenos Aires, Argentina | ||
| 260 | |b Hobbs - Sudamericana | ||
| 260 | |c 1967 | ||
| 300 | |a 305 páginas | ||
| 650 | |a LITERATURA ESTADOUNIDENSE | ||
| 999 | |c 5957 |d 5957 | ||
| 942 | |c 15 D |h 810 M-51n |2 z | ||
